000 00403 a2200109 4500
001 ART_44822
005 20260410162005.0
008 260409a
245 1 0 _aEl índice compuesto coincidente mensual de la actividad económica de Córdoba (ICA-COR)
100 1 _aMichel Rivero, Andrés David
773 0 _tRevista de economía y estadística
_g- Vol. XLV, Nº 1 (oct. 2007)
_wREV34359
999 _c31597
_d31597